|
|
|
|
| LEADER |
00000cam a2200000 7i4500 |
| 001 |
0000057468 |
| 005 |
20160530.0 |
| 008 |
151228 |
| 020 |
|
|
|a 9789793981147
|
| 020 |
|
|
|a 9793981148
|
| 090 |
0 |
0 |
|a 297.161
|b AHM
|
| 100 |
1 |
|
|a Ahmad Mir Khalaf Zadeh & Qasim Mir Khalaf Zadeh
|
| 245 |
1 |
0 |
|a Kisah -Kisah Allah
|c Ahmad Mir Khalaf Zadeh & Qasim Mir Khalaf Zadeh
|
| 260 |
|
|
|a Jakarta Selatan :
|b Penerbit Qorina ,
|c 2006
|
| 300 |
|
|
|a 453pg. :
|b Col.ill
|
| 650 |
|
0 |
|a Islam & Religions
|
| 999 |
|
|
|a 0001049807
|b Book
|c Children Collection
|e Cawangan Taman Universiti
|
| 999 |
|
|
|a 0001049808
|b Book
|c Adult Collection
|e Cawangan Taman Sri Lambak
|
| 999 |
|
|
|a 0001049809
|b Book
|c Adult Collection
|e Cawangan Bukit Gambir
|